Science Quiz

Random Science or Letter Quiz

Create Your Own Element Quiz Stats

 Plays Quiz Updated Jul 7, 2018

Challenge
Share
Tweet
Score 0/9 Timer 01:30
4 Plays Today
Question Answer % Correct
????
100%
????
97.9%
????
97.4%
????
95.7%
????
91.9%
????
89.8%
????
86.6%
????
84%
????
79.1%

You're not logged in!

Compare scores with friends on all Sporcle quizzes.
OR
Log In

You Might Also Like...

Show Comments

Extras

Top Quizzes Today


Score Distribution

Your Account Isn't Verified!

In order to create a playlist on Sporcle, you need to verify the email address you used during registration. Go to your Sporcle Settings to finish the process.

Report this User

Report this user for behavior that violates our Community Guidelines.

Details: